[Event "Campo Grande Brasil op"]
[Site "Campo Grande"]
[Date "2015.10.10"]
[Round "3"]
[White "Goncalves Barbosa, Eric Ruber"]
[Black "De Oliveira, Fernando Marques"]
[Result "0-1"]
[WhiteElo "1772"]
[BlackElo "1786"]
[PlyCount "50"]
[EventDate "2015.10.09"]
[EventType "swiss"]
[EventRounds "7"]
[EventCountry "BRA"]
[SourceTitle "CBM 168 Extra"]
[Source "ChessBase"]
[SourceDate "2015.10.29"]
[SourceVersion "1"]
[SourceVersionDate "2015.10.29"]
[SourceQuality "1"]

1. e4 d6 2. Nf3 Nf6 3. Nc3 g6 4. Bc4 Bg7 5. 0-0 0-0 6. d4 c6 7. Bg5 b5 8. Bb3 b4 9. Bxf6 Bxf6 10. Ne2 Nd7 11. Qd3 a5 12. a4 c5 13. Nf4 cxd4 14. e5 dxe5 15. Nxg6 Nc5 16. Qc4 Nxb3 17. Nxf8 Nxa1 18. Nxh7 Ba6 19. Nxf6+ exf6 20. Qa2 Bxf1 21. Kxf1 Nxc2 22. b3 d3 23. Nd2 Qd4 24. g3 f5 25. Kg2 Qa1 0-1

[Event "Campo Grande Sul Mato op"]
[Site "Campo Grande"]
[Date "2015.09.06"]
[Round "4"]
[White "Goncalves Barbosa, Eric Ruber"]
[Black "Machado, Cledemar Pereira"]
[Result "0-1"]
[WhiteElo "1776"]
[BlackElo "1853"]
[PlyCount "88"]
[EventDate "2015.09.05"]
[EventType "swiss"]
[EventRounds "6"]
[EventCountry "BRA"]
[SourceTitle "EXT 2016"]
[Source "ChessBase"]
[SourceDate "2015.10.08"]
[SourceVersion "1"]
[SourceVersionDate "2015.10.08"]
[SourceQuality "1"]

1. e4 e5 2. Nf3 Nc6 3. Bc4 Nf6 4. Nc3 Bc5 5. 0-0 0-0 6. a3 d6 7. b4 Bd4 8. Bb2 Bg4 9. h3 Bh5 10. Be2 Bxf3 11. Bxf3 b5 12. Rb1 a6 13. Ne2 Ba7 14. d4 Re8 15. Ng3 Nxd4 16. Bxd4 Bxd4 17. Nf5 Bb6 18. Rb3 g6 19. Nh6+ Kg7 20. Ng4 Nh5 21. Qd2 Nf4 22. Kh2 Qh4 23. Ne3 Rad8 24. Bg4 Qh6 25. g3 Ne6 26. Qe2 Nd4 27. Qd3 Nxb3 28. Qxb3 Bd4 29. c3 Bxe3 30. fxe3 Re7 31. Rf3 c6 32. c4 Qg5 33. cxb5 cxb5 34. Rf2 h5 35. Be2 Rc7 36. h4 Qe7 37. Qd1 Rc3 38. a4 Rxe3 39. axb5 axb5 40. Bxb5 Rxe4 41. Qd5 Rd4 42. Qb3 d5 43. Bc6 Qxb4 44. Qe3 Qe7 0-1

[Event "Campo Grande 3rd"]
[Site "Campo Grande"]
[Date "2014.06.21"]
[Round "8"]
[White "Goncalves Barbosa, Eric Ruber"]
[Black "De Moura, Fernando Alves"]
[Result "1/2-1/2"]
[WhiteElo "1819"]
[BlackElo "1800"]
[PlyCount "30"]
[EventDate "2014.06.19"]
[EventType "tourn"]
[EventRounds "9"]
[EventCountry "BRA"]
[SourceTitle "CBM 161 Extra"]
[Source "ChessBase"]
[SourceDate "2014.08.29"]
[SourceVersion "1"]
[SourceVersionDate "2014.08.29"]
[SourceQuality "1"]

1. e4 e6 2. d4 d5 3. Nc3 Bb4 4. e5 c5 5. a3 Bxc3+ 6. bxc3 cxd4 7. cxd4 Ne7 8. Bg5 Nbc6 9. Nf3 0-0 10. Bd3 Qb6 11. c3 Bd7 12. 0-0 Rac8 13. Qc2 Ng6 14. Rfc1 a6 15. Bxg6 hxg6 1/2-1/2

[Event "Campo Grande 3rd"]
[Site "Campo Grande"]
[Date "2014.06.20"]
[Round "5"]
[White "Freitas, Romeu Salvador"]
[Black "Goncalves Barbosa, Eric Ruber"]
[Result "1-0"]
[WhiteElo "2278"]
[BlackElo "1819"]
[PlyCount "67"]
[EventDate "2014.06.19"]
[EventType "tourn"]
[EventRounds "9"]
[EventCountry "BRA"]
[SourceTitle "CBM 161 Extra"]
[Source "ChessBase"]
[SourceDate "2014.08.29"]
[SourceVersion "1"]
[SourceVersionDate "2014.08.29"]
[SourceQuality "1"]

1. d4 d5 2. c4 Nf6 3. cxd5 Nxd5 4. e4 Nb6 5. Nc3 a6 6. Nf3 g6 7. Be3 Bg7 8. Be2 0-0 9. 0-0 Nc6 10. d5 Ne5 11. Nxe5 Bxe5 12. f4 Bg7 13. Qb3 e6 14. Rad1 exd5 15. Bxb6 cxb6 16. Nxd5 Be6 17. f5 Bxd5 18. Rxd5 Qh4 19. fxg6 hxg6 20. Rd7 Be5 21. g3 Qxe4 22. Bf3 Bd4+ 23. Kg2 Qe3 24. Qd5 Qd2+ 25. Kh1 Rae8 26. Qxd4 Qh6 27. Bxb7 Re2 28. Bg2 Re3 29. Rd8 Rfe8 30. Rxe8+ Rxe8 31. Qxb6 Qd2 32. Qf6 Qd7 33. Qxa6 Re2 34. Qxe2 1-0

[Event "Campo Grande 3rd"]
[Site "Campo Grande"]
[Date "2014.06.19"]
[Round "2"]
[White "Goncalves Barbosa, Eric Ruber"]
[Black "Diniz, Debora Lais de And"]
[Result "1-0"]
[WhiteElo "1819"]
[BlackElo "1817"]
[PlyCount "87"]
[EventDate "2014.06.19"]
[EventType "tourn"]
[EventRounds "9"]
[EventCountry "BRA"]
[SourceTitle "CBM 161 Extra"]
[Source "ChessBase"]
[SourceDate "2014.08.29"]
[SourceVersion "1"]
[SourceVersionDate "2014.08.29"]
[SourceQuality "1"]

1. e4 e5 2. Nf3 Nc6 3. Bc4 Nf6 4. Ng5 d5 5. exd5 Nxd5 6. Nxf7 Kxf7 7. Qf3+ Ke8 8. Bxd5 Qf6 9. Bxc6+ bxc6 10. Qxf6 gxf6 11. 0-0 Rg8 12. g3 Bh3 13. Re1 Rg5 14. d4 Rf5 15. Nc3 c5 16. dxe5 fxe5 17. Bf4 Bd6 18. Ne4 Be7 19. Be3 Rd8 20. Nxc5 Bxc5 21. Bxc5 Rd2 22. Rac1 e4 23. Rxe4+ Kd7 24. Be3 Re2 25. Rd1+ Kc6 26. Re6+ Kb7 27. Re7 Rxc2 28. Rb1 Rh5 29. a4 Bf5 30. Rc1 Rxb2 31. Rexc7+ Kb8 32. Bxa7+ Ka8 33. Bd4 Rd2 34. Be3 Ra2 35. Ra7+ Kb8 36. a5 Be4 37. h4 Rc2 38. Rxc2 Bxc2 39. a6 Be4 40. Re7 Bc6 41. a7+ Kc8 42. Bf4 Kd8 43. Bg5 Kc8 44. g4 1-0